000 00300nam a22001337a 4500
008 170616b xxu||||| |||| 00| 0 eng d
020 _a99514133
041 _aeng
080 _a32
100 _a20
101 _aSHP
245 _aAKTE TE KUVENDIT TE REPUBLIKES SE KOSOVES
_cASHAK
942 _2udc
_cBK
999 _c17838
_d17838